| 000 | 03570nam0a2200409 4500 | ||
|---|---|---|---|
| 001 | RU\NLR\BIBL_A\016299085 | ||
| 005 | 20250203112505.0 | ||
| 010 |
_a978-5-4334-0554-7 _9200 |
||
| 021 |
_aRU _bКН-П-23-002943 _9КН-П-23-0287 |
||
| 035 | _a(NLR Aleph) 016299085 | ||
| 035 | _a(RuMoRGB)011541856 | ||
| 090 |
_a12968056 _c12968056 |
||
| 100 | _a20230228d2022 u y0rusy50 ca | ||
| 101 | 0 | _arus | |
| 102 | _aRU | ||
| 105 | _aach|z|||000zy | ||
| 181 | 0 |
_ai _baxxe |
|
| 182 | 0 | _an | |
| 200 | 1 |
_a"Красные Зори" - школа труда, жизни и радости _fНина Симонова _gГБОУ ЛО "Школа-интернат "Красные Зори" |
|
| 203 |
_aТекст _bвизуальный _cнепосредственный |
||
| 205 | _a2-е изд., доп. и испр. | ||
| 210 |
_aСанкт-Петербург _cИздательская программа "АПИ" _d2022 |
||
| 215 |
_a71 с. _cил., факс., портр. _d21 |
||
| 320 | _aБиблиогр. в подстроч. примеч. | ||
| 330 | _aПервая глава посвящена славной истории школы-колонии "Красные Зори", памяти ее первого основателя и директора Игнатия Вячеславовича Ионина, педагогам и всем краснозорьцам, которые имели счастье учиться и работать в ней. Впервые публикуются фотографии из Центрального государственного архива Санкт-Петербурга, расположенного на ул. Псковской, 18. В продолжение - репортаж с традиционной краснозорьской встречи в СПбГУ ВШМ в усадьбе "Михайловская дача" 6 июля 2019 года как дань памяти и уважения истории школы и людям, пропагандирующим лучший опыт педагогической практики. Во 2-е издание включена статья, повествующая о неизвестных ранее героических страницах жизни краснозорьцев в годы блокады Ленинграда в Великой Отечественной войне, обнаруженные в краснозорьском архиве. Завершает книгу рассказ о музее в школе-интернате "Красные Зори", где сохраняют память, собирают уникальные экспонаты, чтут и берегут краснозорьские традиции | ||
| 600 | 1 |
_aИонин _bИ. В. _gИгнатий Вячеславович _f1893 - 1939 _2nlr_sh2 _3RU\NLR\AUTH\6601722432 |
|
| 601 | 0 | 2 |
_a"Красные зори", школа-колония _cСтрельна, поселок городского типа (Санкт-Петербург, город ) _2nlr_sh1 _2nlr_sh2 _3RU\NLR\AUTH\66707240 |
| 675 |
_a373.1(470.23-25)(091) _v4 |
||
| 686 | 1 | _aЧ33(2)7-8Ионин | |
| 686 | 1 | _aЧ424(2)719.1 | |
| 700 | 1 |
_aСимонова _bН. И. _f1963- _gНина Ивановна _3RU\NLR\AUTH\7775999 |
|
| 712 | 0 | 2 |
_a"Красные Зори", школа-колония _cСтрельна _3RU\NLR\AUTH\880586044 _4570 |
| 942 | _cBOOK | ||
| 980 | _aNB | ||